Soil and Water conservation Research in India / (Record no. 11989)
[ view plain ]
| 000 -LEADER | |
|---|---|
| fixed length control field | 00313cam a2200109ua 4500 |
| 082 ## - DEWEY DECIMAL CLASSIFICATION NUMBER | |
| Classification number | 631.45 |
| Item number | DHR/SO |
| 100 ## - MAIN ENTRY--AUTHOR NAME | |
| Personal name | Dhruva Narayana, V.V. |
| 245 ## - TITLE STATEMENT | |
| Title | Soil and Water conservation Research in India / |
| 260 ## - PUBLICATION, DISTRIBUTION, ETC. (IMPRINT) | |
| Place of publication | New Delhi : |
| Name of publisher | Indian Council for Agricultural Research , |
| Year of publication | 2002. |
| 300 ## - PHYSICAL DESCRIPTION | |
| Number of Pages | 453 ; . |
| 942 ## - ADDED ENTRY ELEMENTS (KOHA) | |
| Koha item type | Books |
| Withdrawn status | Lost status | Damaged status | Home library | Current library | Date acquired | Full call number | Accession Number | Koha item type | Collection code | Shelving location | Cost, normal purchase price |
|---|---|---|---|---|---|---|---|---|---|---|---|
| KAUAET | KAUAET | 07/04/2012 | 631.45 | 20839 | Books | ||||||
| KAUAET | KAUAET | 31/03/2012 | 631.45 DHR/SO | 23574 | Books | Non-fiction | General Stacks | 120.00 | |||
| KAUAET | KAUAET | 31/03/2012 | 631.45 DHR/SO | 23575 | Books | Non-fiction | General Stacks | 120.00 | |||
| KAUAET | KAUAET | 31/03/2012 | 631.45 DHR/SO | 23576 | Books | Non-fiction | General Stacks | 120.00 | |||
| KAUAET | KAUAET | 31/03/2012 | 631.45 DHR/SO | 23577 | Books | Non-fiction | General Stacks | 120.00 | |||
| KAUAET | KAUAET | 31/03/2012 | 631.45 DHR/SO | 23578 | Books | Non-fiction | General Stacks | 120.00 |
